ბათუმის შოთა რუსთაველის სახელმწიფო უნივერსიტეტის ბიბლიოთეკა

История России с древнейших времен до конца XVII века. (ბიბ.ჩანაწერი № 35803)

000 -LEADER
fixed length control field 00692nam a2200229Ia 4500
001 - CONTROL NUMBER
control field 1689
003 - CONTROL NUMBER IDENTIFIER
control field GE_BSU
008 - FIXED-LENGTH DATA ELEMENTS--GENERAL INFORMATION
fixed length control field 181216s||||||||xx |||||||||||||| ||und||
020 ## - INTERNATIONAL STANDARD BOOK NUMBER
International Standard Book Number 5150003997
040 ## - CATALOGING SOURCE
Transcribing agency GE_BSU
100 ## - MAIN ENTRY--PERSONAL NAME
Personal name Новосельцев, А.П. и др.
245 ## - TITLE STATEMENT
Title История России с древнейших времен до конца XVII века.
245 ## - TITLE STATEMENT
Remainder of title Для студ. вузов
245 ## - TITLE STATEMENT
Statement of responsibility, etc. Отв.ред.А.Н.Сахаров А.П.Новосельцев
260 ## - PUBLICATION, DISTRIBUTION, ETC.
Place of publication, distribution, etc. Москва
260 ## - PUBLICATION, DISTRIBUTION, ETC.
Name of publisher, distributor, etc. Изд-во АСТ
260 ## - PUBLICATION, DISTRIBUTION, ETC.
Date of publication, distribution, etc. 1998
300 ## - PHYSICAL DESCRIPTION
Extent 574стр. 19см.
653 ## - INDEX TERM--UNCONTROLLED
Uncontrolled term История России
942 ## - ADDED ENTRY ELEMENTS (KOHA)
Koha item type წიგნი
ეგზემპლარები
Withdrawn status Lost status Damaged status Not for loan Date acquired Barcode Date last seen Price effective from Koha item type Public note
        2018-12-17 3243 2018-12-17 2018-12-17 წიგნი დარბაზი